| 000 | 00667nam a2200241Ia 4500 | ||
|---|---|---|---|
| 003 | OSt | ||
| 005 | 20221007104019.0 | ||
| 006 | a|||||r|||| 00| 0 | ||
| 007 | ta | ||
| 008 | 221006b |||||||| |||| 00| 0 eng d | ||
| 024 | _a14,651 | ||
| 037 | _cTextual | ||
| 040 |
_aLCO _cLCO _beng |
||
| 041 |
_2eng _aeng |
||
| 082 | _aZ2,9298, K8 | ||
| 100 |
_aGanguly B. _9560797 |
||
| 245 | 0 | _aAdministrative legislation in Modern India | |
| 260 |
_aCalcutta _bS.C.Sarkar & Sons Private Limited India _c1968 |
||
| 300 | _a205 | ||
| 650 |
_aADMINISTRATIVE LEGISLATION _9705678 |
||
| 942 |
_hZ2,9298, K8 _cTEXL |
||
| 999 |
_c1184214 _d1184214 |
||